Normal view
MARC view
- SUMMERS, TAN A ,SAWUSCH, MARK R
Entry Personal Name
001 - CONTROL NUMBER
- control field: 61506
003 - CONTROL NUMBER IDENTIFIER
- control field: NUST
005 - DATE AND TIME OF LATEST TRANSACTION
- control field: 20210628202750.0
008 - FIXED-LENGTH DATA ELEMENTS
- fixed length control field: 210628|| aca||aabn | a|a d
040 ## - CATALOGING SOURCE
- Original cataloging agency: NUST
- Transcribing agency: NUST
100 ## - HEADING--PERSONAL NAME
- Personal name: SUMMERS, TAN A ,SAWUSCH, MARK R
670 ## - SOURCE DATA FOUND
- Source citation: Work cat.: (NUST): SUMMERS, TAN A ,SAWUSCH, MARK R ,, 1001 THINGS TO DO WITH YOUR IBM PC, 1985
